[Event "2BLN 2122 SG AE Magdeburg - SK Kirchwey"]
[Site "?"]
[Date "2022.06.19"]
[Round "8.4"]
[White "Biastoch, Bennet"]
[Black "Jovanovic, Zoran"]
[Result "0-1"]
[WhiteElo "2240"]
[BlackElo "2520"]
[PlyCount "94"]
[EventDate "2022.??.??"]

1. e4 Nc6 2. Nf3 d6 3. d4 Nf6 4. Nc3 g6 5. Be3 Bg7 6. h3 O-O 7. Qd2 e5 8. d5
Ne7 9. Be2 Bd7 10. O-O-O b5 11. Bd3 Qb8 12. g4 c5 13. g5 Nh5 14. Be2 c4 15. Nh2
b4 16. Nb1 c3 17. bxc3 bxc3 18. Qxc3 Nf4 19. Ba6 Bb5 20. Bxb5 Qxb5 21. Qb3 Qa6
22. c3 Rab8 23. Qc2 Rb7 24. Ng4 Rfb8 25. Bxf4 exf4 26. Nf6+ Kh8 27. Rhe1 Ng8
28. e5 dxe5 29. Ne4 f5 30. Ned2 Rc8 31. Nb3 Rd7 32. f3 Ne7 33. d6 Rxd6 34. Rxd6
Qxd6 35. Rd1 Qc6 36. Qd2 e4 37. fxe4 fxe4 38. Qd7 Qxd7 39. Rxd7 Nf5 40. N3d2 e3
41. Nf3 a6 42. Kc2 Kg8 43. Ra7 Nd4+ 44. Nxd4 Bxd4 45. Rxa6 f3 46. Kd3 f2 47.
Ke2 Rf8 0-1

[Event "2BLN 2122 SG AE Magdeburg - SK Kirchwey"]
[Site "?"]
[Date "2022.06.19"]
[Round "8.5"]
[White "Kovacevic, Aleksandar"]
[Black "Andre, Gordon"]
[Result "1/2-1/2"]
[WhiteElo "2500"]
[BlackElo "2350"]
[PlyCount "110"]
[EventDate "2022.??.??"]

1. e4 e5 2. Nf3 Nc6 3. Bb5 a6 4. Bxc6 dxc6 5. O-O Bg4 6. h3 h5 7. d3 Qf6 8.
Nbd2 Ne7 9. Re1 Ng6 10. d4 Nf4 11. hxg4 hxg4 12. g3 gxf3 13. Qxf3 Ne6 14. dxe5
Qxe5 15. Qf5 Qb5 16. a4 Qc5 17. Qxc5 Bxc5 18. Nf3 O-O-O 19. c3 Rd3 20. Kg2 Rhd8
21. Ne5 Rd1 22. Kf1 Ba7 23. Nxf7 Rxe1+ 24. Kxe1 Rf8 25. Ng5 Bxf2+ 26. Ke2 Nxg5
27. Bxg5 Bxg3 28. Rg1 Be5 29. Be3 Re8 30. Kf3 Rf8+ 31. Ke2 Rd8 32. Rg5 Bf6 33.
Rh5 Re8 34. Kf3 Kd7 35. Bf4 g6 36. Rh6 Rg8 37. e5 Be7 38. Rh7 Ke6 39. Ke4 b5
40. b3 c5 41. axb5 axb5 42. c4 c6 43. Be3 bxc4 44. bxc4 Ra8 45. Rg7 g5 46. Rg6+
Kf7 47. Rxc6 Ra1 48. Bxc5 Bxc5 49. Rxc5 Re1+ 50. Kf5 Rf1+ 51. Kxg5 Ke6 52. Kg4
Rf8 53. Rd5 Re8 54. Rd4 Kxe5 55. Rf4 Kd6 1/2-1/2

[Event "2BLN 2122 SG AE Magdeburg - SK Kirchwey"]
[Site "?"]
[Date "2022.06.19"]
[Round "8.6"]
[White "Paul, Johannes"]
[Black "Palac, Mladen"]
[Result "0-1"]
[WhiteElo "2316"]
[BlackElo "2513"]
[PlyCount "56"]
[EventDate "2022.??.??"]

1. d4 Nf6 2. c4 e6 3. Nc3 Bb4 4. f3 c5 5. d5 b5 6. e4 d6 7. Bd2 a6 8. a4 Ba5 9.
dxe6 Bxe6 10. cxb5 O-O 11. Nge2 axb5 12. Nxb5 d5 13. exd5 Nxd5 14. Nec3 Nb4 15.
Be3 Qe7 16. Kf2 Rd8 17. Qb1 N8c6 18. Qe4 f5 19. Qf4 Nc2 20. Rc1 Nxe3 21. Qxe3
Re8 22. g3 Rad8 23. Be2 Nd4 24. Rhe1 Qf6 25. Bf1 Bf7 26. Qf4 Ne6 27. Qe3 Nf8
28. Qf4 g5 0-1

[Event "2BLN 2122 SG AE Magdeburg - SK Kirchwey"]
[Site "?"]
[Date "2022.06.19"]
[Round "8.7"]
[White "Zelcic, Robert"]
[Black "Schoene, Maria"]
[Result "1-0"]
[WhiteElo "2492"]
[BlackElo "2178"]
[PlyCount "81"]
[EventDate "2022.??.??"]

1. e4 c5 2. Nf3 d6 3. d4 cxd4 4. Nxd4 Nf6 5. Nc3 g6 6. Bc4 Bg7 7. O-O O-O 8.
Re1 Nc6 9. h3 Bd7 10. Nf3 a6 11. a4 Rc8 12. Ba2 Nb4 13. Bb3 Re8 14. e5 dxe5 15.
Nxe5 Rf8 16. Nxd7 Qxd7 17. Qf3 Nc6 18. Be3 e5 19. Rad1 Qc7 20. Bc5 Rfd8 21. Qe3
Rxd1 22. Rxd1 Rd8 23. Rxd8+ Qxd8 24. Qf3 Qd7 25. Nd5 Nxd5 26. Qxd5 Qc7 27. c3
Bf8 28. Bb6 Qe7 29. Bc4 Bg7 30. Bxa6 bxa6 31. Qxc6 h5 32. Qc8+ Kh7 33. Qxa6 Qd6
34. Qb5 e4 35. a5 Be5 36. Qb3 Kg8 37. Bd4 Bxd4 38. cxd4 Qa6 39. Qc3 h4 40. Qd2
Qc4 41. d5 1-0

[Event "2BLN 2122 SG AE Magdeburg - SK Kirchwey"]
[Site "?"]
[Date "2022.06.19"]
[Round "8.8"]
[White "Armbrust, Florian"]
[Black "Zaja, Ivan"]
[Result "1/2-1/2"]
[WhiteElo "2263"]
[BlackElo "2447"]
[PlyCount "30"]
[EventDate "2022.??.??"]

1. e4 c5 2. b3 Nc6 3. Bb2 e6 4. Nf3 d5 5. exd5 exd5 6. d4 cxd4 7. Nxd4 Bb4+ 8.
Nd2 Nf6 9. Bd3 O-O 10. Nxc6 bxc6 11. O-O a5 12. a3 Bd6 13. Qf3 Ng4 14. h3 Qh4
15. Rfe1 Nf6 1/2-1/2

[Event "2BLN 2122 SK Norderstedt - Hamburger SK"]
[Site "?"]
[Date "2022.06.19"]
[Round "8.1"]
[White "Zwirs, Nico"]
[Black "Trent, Lawrence"]
[Result "1-0"]
[WhiteElo "2475"]
[BlackElo "2408"]
[PlyCount "94"]
[EventDate "2022.??.??"]

1. e4 c6 2. d4 d5 3. e5 Bf5 4. h4 h5 5. Bd3 Bxd3 6. Qxd3 Qa5+ 7. Nd2 e6 8. Ngf3
Nh6 9. O-O Nf5 10. Nb3 Qa6 11. Qd1 b6 12. Bg5 Nd7 13. Re1 c5 14. c3 c4 15. Nbd2
b5 16. a3 Qc6 17. Nf1 a5 18. Ng3 Nxg3 19. fxg3 f6 20. exf6 gxf6 21. Bf4 Be7 22.
Qc2 Nf8 23. Re2 Ra6 24. Rae1 Kd8 25. Nd2 Kc8 26. Nf1 Bd8 27. b3 Rb6 28. Rb1 Nd7
29. b4 axb4 30. axb4 Ra6 31. Qg6 e5 32. Qg7 Re8 33. Rbe1 Qe6 34. dxe5 fxe5 35.
Bxe5 Qf5 36. Bd4 Rxe2 37. Rxe2 Bf6 38. Qg8+ Kb7 39. Bxf6 Rxf6 40. Ne3 Qe6 41.
Qg5 Qf7 42. Qxd5+ Qxd5 43. Nxd5 Rd6 44. Nf4 Rd1+ 45. Kf2 Nf6 46. Re7+ Kc8 47.
Ke2 Rc1 1-0

[Event "2BLN 2122 SK Norderstedt - Hamburger SK"]
[Site "?"]
[Date "2022.06.19"]
[Round "8.2"]
[White "Ostrovskiy, Andrey"]
[Black "Kramer, Julian"]
[Result "1-0"]
[WhiteElo "2412"]
[BlackElo "2466"]
[PlyCount "49"]
[EventDate "2022.??.??"]

1. e4 c5 2. Nf3 d6 3. d4 cxd4 4. Nxd4 Nf6 5. Nc3 Nc6 6. Bc4 Qb6 7. Nb3 e6 8.
O-O Be7 9. Kh1 O-O 10. f4 Qc7 11. Bd3 Rd8 12. Bd2 a6 13. Qf3 Nd7 14. Qg3 Nb4
15. Nb5 axb5 16. Bxb4 Bf6 17. c3 Qb6 18. a3 g6 19. Rad1 Qc6 20. Nd4 Qb6 21.
Nxb5 Nc5 22. Qe3 Be7 23. f5 Qc6 24. Nd4 Qb6 25. fxe6 1-0

[Event "2BLN 2122 SK Norderstedt - Hamburger SK"]
[Site "?"]
[Date "2022.06.19"]
[Round "8.3"]
[White "Souleidis, Georgios"]
[Black "Kuberczyk, Christoph"]
[Result "1/2-1/2"]
[WhiteElo "2428"]
[BlackElo "2288"]
[PlyCount "79"]
[EventDate "2022.??.??"]

1. e4 c5 2. Nf3 Nc6 3. Bc4 e6 4. O-O d5 5. Bb5 Bd6 6. Bxc6+ bxc6 7. e5 Bc7 8.
d3 Ne7 9. Be3 d4 10. Bg5 O-O 11. Bxe7 Qxe7 12. Nbd2 Kh8 13. Nc4 f5 14. Nfd2 g5
15. Qf3 Bd7 16. Rae1 Rg8 17. Nd6 Raf8 18. N2c4 Rg6 19. Qe2 Qg7 20. f3 g4 21. f4
Rh6 22. g3 Rh3 23. Rf2 h5 24. Rg2 h4 25. Kf2 Qh6 26. Reg1 Kg7 27. Nb7 Bb6 28.
a4 Bc8 29. Nbd6 Rh8 30. Kf1 hxg3 31. hxg3 Ba6 32. Qf2 Bc7 33. Ke2 Rh1 34. Kd2
Rxg1 35. Rxg1 Kf8 36. c3 Qh2 37. Rg2 Qh1 38. Rg1 Qh2 39. Rg2 Qh1 40. Rg1
1/2-1/2

[Event "2BLN 2122 SK Norderstedt - Hamburger SK"]
[Site "?"]
[Date "2022.06.19"]
[Round "8.4"]
[White "Kopylov, Michael"]
[Black "Van Delft, Merijn"]
[Result "0-1"]
[WhiteElo "2372"]
[BlackElo "2378"]
[PlyCount "98"]
[EventDate "2022.??.??"]

1. Nf3 Nf6 2. c4 g6 3. d4 Bg7 4. g3 O-O 5. Bg2 d6 6. O-O c5 7. Nc3 Nc6 8. d5
Na5 9. Nd2 e6 10. Qc2 exd5 11. cxd5 Re8 12. Rb1 Bd7 13. b3 b5 14. Bb2 Rc8 15.
Rbe1 b4 16. Nce4 Nxe4 17. Nxe4 Bf5 18. Bxg7 Kxg7 19. Qb2+ f6 20. Nd2 Qb6 21. e4
Bd7 22. Nc4 Nxc4 23. bxc4 Qa6 24. Qb3 Qa4 25. f4 Qxb3 26. axb3 a5 27. Ra1 Ra8
28. Kf2 a4 29. bxa4 Bxa4 30. Rfc1 Bb3 31. e5 fxe5 32. fxe5 Rxa1 33. Rxa1 Rxe5
34. Ra7+ Kf8 35. Rd7 Bxc4 36. Rxd6 Re2+ 37. Kf3 Rd2 38. Bh3 Rxd5 39. Rc6 Rh5
40. Rc8+ Ke7 41. Bg4 Rxh2 42. Rxc5 Be2+ 43. Kf4 Bxg4 44. Kxg4 b3 45. Rb5 b2 46.
Kf4 Kd6 47. Ke4 Kc6 48. Rb8 Kc5 49. Kd3 h5 0-1

[Event "2BLN 2122 SK Norderstedt - Hamburger SK"]
[Site "?"]
[Date "2022.06.19"]
[Round "8.6"]
[White "Michna, Christian"]
[Black "Colpe, Malte"]
[Result "0-1"]
[WhiteElo "2202"]
[BlackElo "2367"]
[PlyCount "79"]
[EventDate "2022.??.??"]

1. d4 d5 2. Nc3 Nf6 3. Bf4 c5 4. e3 cxd4 5. exd4 a6 6. Nf3 Nc6 7. Ne5 Bd7 8.
Qd2 e6 9. a3 b5 10. Nxc6 Bxc6 11. Bd3 Be7 12. O-O O-O 13. Qe3 Qb6 14. Ne2 a5
15. Qh3 Rfe8 16. Be5 g6 17. Nf4 Bd8 18. Qh6 Qb7 19. Nh3 Qe7 20. Ng5 Qf8 21. Qh3
h6 22. Nf3 Ne4 23. Rfe1 f6 24. Bf4 g5 25. Be3 Qg7 26. Nd2 f5 27. Bxe4 dxe4 28.
f4 exf3 29. gxf3 Bf6 30. c3 Bd5 31. Nf1 Qg6 32. Bd2 h5 33. Re2 Ra7 34. Rae1 Rg7
35. Ng3 Bxf3 36. Rf2 Bg4 37. Qf1 h4 38. Ne4 Be7 39. Qxb5 fxe4 40. Rg2 0-1

[Event "2BLN 2122 SK Norderstedt - Hamburger SK"]
[Site "?"]
[Date "2022.06.19"]
[Round "8.7"]
[White "Woelk, Tom-Frederic"]
[Black "Meyer, Falko"]
[Result "1-0"]
[WhiteElo "2306"]
[BlackElo "2221"]
[PlyCount "73"]
[EventDate "2022.??.??"]

1. d4 c6 2. c4 d5 3. Nf3 Nf6 4. Nc3 a6 5. c5 Nbd7 6. Bf4 Nh5 7. Be5 f6 8. Bg3
e5 9. e3 Nxg3 10. hxg3 g6 11. Qc2 a5 12. O-O-O b6 13. cxb6 e4 14. Nh4 Bg7 15.
f3 f5 16. g4 Nxb6 17. gxf5 g5 18. fxe4 gxh4 19. e5 Qg5 20. f6 Qxe3+ 21. Kb1 Bh6
22. Bd3 Rb8 23. Rxh4 Kd8 24. Rdh1 Bg5 25. Nd1 Qg3 26. Rxh7 Rxh7 27. Rxh7 Nc4
28. Bxc4 dxc4 29. f7 Ke7 30. f8=Q+ Kxf8 31. Rh8+ Ke7 32. Qh7+ Ke6 33. Qg6+ Kd5
34. Rd8+ Bxd8 35. Qxg3 Kxd4 36. e6 Rb7 37. Qd6+ 1-0

[Event "2BLN 2122 SK Norderstedt - Hamburger SK"]
[Site "?"]
[Date "2022.06.19"]
[Round "8.8"]
[White "Zierke, Oliver"]
[Black "Sehner, Norbert"]
[Result "1-0"]
[WhiteElo "2240"]
[BlackElo "2323"]
[PlyCount "78"]
[EventDate "2022.??.??"]

1. d4 d5 2. c4 e6 3. Nc3 c6 4. e3 Nf6 5. Nf3 Nbd7 6. Qc2 Bd6 7. b3 Qe7 8. Be2
O-O 9. O-O Re8 10. Bb2 dxc4 11. bxc4 e5 12. Rfd1 e4 13. Nd2 Nf8 14. a4 Bf5 15.
c5 Bc7 16. Ba3 Rad8 17. Nc4 Ng4 18. Nd6 Qh4 19. Bxg4 Bxg4 20. Ncxe4 Bxd1 21.
Rxd1 Re6 22. Ng3 Bxd6 23. cxd6 Qg4 24. Rb1 Rd7 25. h3 Qg5 26. e4 Rg6 27. Bc1
Qd8 28. e5 f6 29. Nf5 Qe8 30. Ne7+ Rxe7 31. dxe7 Qxe7 32. Qb3+ Qe6 33. Qxb7
fxe5 34. dxe5 Qxe5 35. Qb3+ Re6 36. Be3 a6 37. Qb8 Qe4 38. Rb7 Rg6 39. g3 Rxg3+
1-0

[Event "2BLN 2122 SV Werder Bremen II - SF Berl"]
[Site "?"]
[Date "2022.06.19"]
[Round "8.1"]
[White "Schmidek, Emil"]
[Black "Carlstedt, Jonathan"]
[Result "1/2-1/2"]
[WhiteElo "2418"]
[BlackElo "2431"]
[PlyCount "182"]
[EventDate "2022.??.??"]

1. d4 Nf6 2. c4 e6 3. Nc3 Bb4 4. Bd2 O-O 5. Nf3 d5 6. e3 b6 7. cxd5 exd5 8. Bd3
Bb7 9. O-O Bd6 10. Ne5 c5 11. Rc1 Nbd7 12. f4 Ne4 13. Nxe4 dxe4 14. Bc4 cxd4
15. exd4 b5 16. Qb3 Nxe5 17. fxe5 bxc4 18. Qxb7 Bxe5 19. dxe5 Qxd2 20. Qxe4
Qxb2 21. Rb1 Qa3 22. Qxc4 Qe3+ 23. Kh1 Qxe5 24. Rb7 Qh5 25. h3 Rac8 26. Qa6 Rc2
27. Rxa7 Qd5 28. Qb7 Qxb7 29. Rxb7 Rxa2 30. Rfb1 h5 31. h4 Raa8 32. Kh2 g6 33.
R1b4 Kg7 34. Rf4 Ra6 35. Kg3 Rc6 36. Ra7 Rb6 37. Rf3 Rf6 38. Rxf6 Kxf6 39. Kf4
Rd8 40. Ra6+ Ke7 41. g3 Rd4+ 42. Kf3 Rd6 43. Ra7+ Ke6 44. Ra3 Ke5 45. Ra5+ Rd5
46. Ra3 Rb5 47. Re3+ Kd4 48. Re4+ Kd3 49. Re3+ Kd2 50. Re2+ Kd1 51. Re7 Rf5+
52. Kg2 Rf6 53. Rd7+ Ke2 54. Re7+ Kd3 55. Rd7+ Ke4 56. Re7+ Kd5 57. Rd7+ Ke6
58. Ra7 Rf5 59. Ra6+ Ke5 60. Ra5+ Kf6 61. Ra6+ Kg7 62. Rb6 Ra5 63. Rb3 Kf6 64.
Kf3 Ke6 65. Re3+ Kf5 66. Rc3 f6 67. Rb3 Rc5 68. Ra3 Rb5 69. Rc3 Ke5 70. Ra3 Rc5
71. Rb3 Ra5 72. Re3+ Kd5 73. Rd3+ Ke6 74. Re3+ Re5 75. Ra3 Rd5 76. Rb3 g5 77.
hxg5 fxg5 78. Rb2 Rd3+ 79. Kg2 Ke5 80. Rb5+ Rd5 81. Rb2 Ke4 82. Ra2 g4 83. Re2+
Kd3 84. Re8 Kd2 85. Re7 Kd1 86. Re8 Rd2+ 87. Kg1 Re2 88. Rd8+ Ke1 89. Rd5 Re3
90. Kg2 Re2+ 91. Kg1 Re3 1/2-1/2

[Event "2BLN 2122 SV Werder Bremen II - SF Berl"]
[Site "?"]
[Date "2022.06.19"]
[Round "8.2"]
[White "Meins, Gerlef"]
[Black "Morgunov, Marc"]
[Result "0-1"]
[WhiteElo "2422"]
[BlackElo "2362"]
[PlyCount "60"]
[EventDate "2022.??.??"]

1. d4 Nf6 2. c4 g6 3. Nc3 Bg7 4. e4 d6 5. Be2 O-O 6. Nf3 e5 7. O-O Nc6 8. d5
Ne7 9. Ne1 Nd7 10. Be3 f5 11. f3 f4 12. Bf2 g5 13. Nd3 Nf6 14. c5 Ng6 15. Rc1
Rf7 16. b4 h5 17. a4 g4 18. a5 Bh6 19. b5 g3 20. hxg3 fxg3 21. Bxg3 h4 22. Bf2
Nh5 23. Re1 Ngf4 24. Nxf4 Nxf4 25. Bf1 Qg5 26. Kh1 Nh5 27. Rc2 Ng3+ 28. Kg1 h3
29. Be3 h2+ 30. Kxh2 Nxf1+ 0-1

[Event "2BLN 2122 SV Werder Bremen II - SF Berl"]
[Site "?"]
[Date "2022.06.19"]
[Round "8.3"]
[White "Agopov, Mikael"]
[Black "Joachim, Sven"]
[Result "1-0"]
[WhiteElo "2446"]
[BlackElo "2404"]
[PlyCount "85"]
[EventDate "2022.??.??"]

1. e4 e5 2. Nf3 Nc6 3. Bb5 a6 4. Ba4 Nf6 5. O-O Nxe4 6. d4 Be7 7. Re1 b5 8.
Rxe4 d5 9. Nxe5 Nxe5 10. Rxe5 bxa4 11. Qe2 c6 12. Nc3 a3 13. b3 Be6 14. Bf4 O-O
15. Re3 c5 16. Be5 Re8 17. Rd1 Rc8 18. dxc5 Bxc5 19. Bd4 Bb4 20. Qxa6 Bxc3 21.
Bxc3 Bg4 22. Rxe8+ Qxe8 23. Re1 Qd7 24. Qd3 Bf5 25. Qd4 f6 26. h3 Bxc2 27. Bb4
h6 28. Bxa3 Ra8 29. Qb2 d4 30. Qxc2 Rxa3 31. Rd1 Kh8 32. Qe4 Rxa2 33. Rxd4 Qc7
34. g3 Ra1+ 35. Kg2 Ra7 36. b4 Rb7 37. Rd8+ Qxd8 38. Qxb7 h5 39. b5 h4 40. gxh4
Qd4 41. b6 Qxh4 42. Qc8+ Kh7 43. Qg4 1-0

[Event "2BLN 2122 SV Werder Bremen II - SF Berl"]
[Site "?"]
[Date "2022.06.19"]
[Round "8.4"]
[White "Breutigam, Martin"]
[Black "Baum, Jonasz"]
[Result "0-1"]
[WhiteElo "2378"]
[BlackElo "2400"]
[PlyCount "102"]
[EventDate "2022.??.??"]

1. e4 c5 2. c3 Nf6 3. e5 Nd5 4. Nf3 d6 5. Bb5+ Bd7 6. Bc4 e6 7. d4 cxd4 8. cxd4
Bc6 9. O-O Nd7 10. Bg5 Be7 11. Bxe7 Qxe7 12. Bxd5 Bxd5 13. Nc3 Nb6 14. Nxd5
Nxd5 15. Qa4+ Qd7 16. Qxd7+ Kxd7 17. Ng5 Rhf8 18. Nxh7 Rfc8 19. Ng5 f6 20. Ne4
dxe5 21. dxe5 Rc2 22. exf6 gxf6 23. Rfd1 Ke7 24. Rd2 Rac8 25. Rxc2 Rxc2 26. Rb1
f5 27. Ng5 Nf4 28. h4 e5 29. g3 Nd3 30. Rd1 Nxf2 31. Rf1 Ng4 32. Rxf5 Rxb2 33.
Rf7+ Kd6 34. Rg7 Kd5 35. h5 Rxa2 36. Rxb7 a5 37. Ra7 a4 38. Nf7 Ke4 39. Ng5+
Ke3 40. Ra6 a3 41. Ra4 Ra1+ 42. Kg2 a2 43. Nf7 Ke2 44. h6 Ne3+ 45. Kh2 Ng4+ 46.
Kg2 Ne3+ 47. Kh2 Ng4+ 48. Rxg4 Rh1+ 49. Kxh1 a1=Q+ 50. Kh2 Kf2 51. Rg7 Qf1 0-1

[Event "2BLN 2122 SV Werder Bremen II - SF Berl"]
[Site "?"]
[Date "2022.06.19"]
[Round "8.5"]
[White "Florstedt, Johannes"]
[Black "Richter, Christian"]
[Result "1/2-1/2"]
[WhiteElo "2368"]
[BlackElo "2355"]
[PlyCount "52"]
[EventDate "2022.??.??"]

1. e4 e5 2. Nf3 Nf6 3. Nxe5 d6 4. Nf3 Nxe4 5. Nc3 Nf6 6. d4 Be7 7. Bd3 O-O 8.
h3 Re8 9. O-O Nbd7 10. Re1 c6 11. a4 Nf8 12. d5 c5 13. Nd2 Ng6 14. Nc4 Bd7 15.
Bxg6 hxg6 16. Bf4 Bf8 17. Bxd6 Rxe1+ 18. Qxe1 Bxd6 19. Nxd6 Bxh3 20. Nxb7 Qc8
21. Nxc5 Bxg2 22. Kxg2 Qg4+ 23. Kf1 Qh3+ 24. Kg1 Qg4+ 25. Kf1 Qh3+ 26. Kg1 Qg4+
1/2-1/2

[Event "2BLN 2122 SV Werder Bremen II - SF Berl"]
[Site "?"]
[Date "2022.06.19"]
[Round "8.6"]
[White "Ewert, Hannes"]
[Black "Chatzidakis, Mihail"]
[Result "0-1"]
[WhiteElo "2300"]
[BlackElo "2368"]
[PlyCount "102"]
[EventDate "2022.??.??"]

1. d4 Nf6 2. Nf3 g6 3. c4 Bg7 4. Nc3 O-O 5. e4 d6 6. Be2 Nbd7 7. O-O e5 8. Qc2
Nh5 9. Rd1 Nf4 10. Bf1 c5 11. Bxf4 exf4 12. Nb5 Qb6 13. dxc5 dxc5 14. Rd6 Qa5
15. Rad1 a6 16. Nc3 Ne5 17. Nxe5 Bxe5 18. R6d5 Qc7 19. g3 h5 20. Qd2 fxg3 21.
hxg3 Be6 22. Rd3 Bd4 23. b3 Rad8 24. Ne2 Bg4 25. Kg2 Bxe2 26. Qxe2 Rfe8 27. Re1
f5 28. e5 Rxe5 29. Qxe5 Bxe5 30. Rxd8+ Qxd8 31. Rxe5 Qa5 32. Re7 b6 33. Rb7
Qxa2 34. Rxb6 Kg7 35. Kg1 Qa5 36. Rc6 Qb4 37. Rxa6 Qxb3 38. Rc6 Qa3 39. Be2
Qa1+ 40. Bf1 Qd4 41. Rc7+ Kh6 42. Rc6 h4 43. gxh4 Qg4+ 44. Bg2 Qxc4 45. Bf3
Qc1+ 46. Kg2 c4 47. Bd5 c3 48. Bf7 Qd2 49. Bb3 Qb2 50. Ba4 Qb7 51. Kg3 Qxc6 0-1

[Event "2BLN 2122 SV Werder Bremen II - SF Berl"]
[Site "?"]
[Date "2022.06.19"]
[Round "8.7"]
[White "Hoffmann, Udo"]
[Black "Kardoeus, David"]
[Result "1/2-1/2"]
[WhiteElo "2304"]
[BlackElo "2142"]
[PlyCount "77"]
[EventDate "2022.??.??"]

1. e4 c5 2. Nf3 e6 3. b3 b6 4. Bb2 Bb7 5. Qe2 Nf6 6. e5 Nd5 7. g3 Nb4 8. Na3
Be7 9. c3 Nd5 10. Bg2 Nc6 11. O-O O-O 12. Nc2 d6 13. c4 Ndb4 14. Nxb4 Nxb4 15.
Rfd1 dxe5 16. Nxe5 Bxg2 17. Kxg2 Nc2 18. Rac1 Nd4 19. Bxd4 Qxd4 20. Nc6 Qd6 21.
Nxe7+ Qxe7 22. d4 cxd4 23. Rxd4 Rfd8 24. Rcd1 Rxd4 25. Rxd4 Rd8 26. Rxd8+ Qxd8
27. Qe4 g5 28. h3 Kg7 29. b4 Qd2 30. c5 bxc5 31. bxc5 Kf6 32. Qf3+ Ke7 33. Qb7+
Kf6 34. Qxa7 Qd5+ 35. Kh2 Qd4 36. Kg2 Qd5+ 37. Kg1 Qd1+ 38. Kh2 Qd4 39. Kg2
1/2-1/2

[Event "2BLN 2122 SV Werder Bremen II - SF Berl"]
[Site "?"]
[Date "2022.06.19"]
[Round "8.8"]
[White "Steffens, Olaf"]
[Black "Nogly, Christoph"]
[Result "0-1"]
[WhiteElo "2092"]
[BlackElo "2242"]
[PlyCount "86"]
[EventDate "2022.??.??"]

1. b3 d5 2. Bb2 Nf6 3. g3 c6 4. Bg2 Bf5 5. d3 Nbd7 6. Nd2 e5 7. Ngf3 Bd6 8. e4
Bg4 9. h3 Bh5 10. g4 Bg6 11. Nh4 dxe4 12. dxe4 Bc5 13. O-O O-O 14. Nf5 Qc7 15.
Qf3 Bxf5 16. Qxf5 Rfe8 17. Rad1 b5 18. a3 a5 19. Nf3 g6 20. Qg5 Nxe4 21. Rxd7
Qxd7 22. Nxe5 Nxg5 23. Nxd7 Be7 24. Bxc6 Rac8 25. Bxb5 Rxc2 26. Ba1 Rec8 27.
Bc4 Nxh3+ 28. Kg2 Nf4+ 29. Kf3 Ne6 30. Nb6 Rd8 31. Nd5 Kf8 32. Ne3 Ra2 33. a4
Nd4+ 34. Ke4 Nc2 35. Bc3 Bb4 36. Be5 Re8 37. g5 Bd6 38. Ng4 Na3 39. Ba6 Rb2 40.
Kd5 Rd2+ 41. Ke4 Bxe5 42. Nxe5 Re6 43. Bd3 Rxe5+ 0-1

[Event "2BLN 2122 FC St. Pauli - SC Rotation Pa"]
[Site "?"]
[Date "2022.06.19"]
[Round "8.1"]
[White "Szelag, Marcin"]
[Black "Feuerstack, Aljoscha"]
[Result "1-0"]
[WhiteElo "2427"]
[BlackElo "2484"]
[PlyCount "103"]
[EventDate "2022.??.??"]

1. e4 e5 2. Nf3 Nf6 3. Nxe5 d6 4. Nf3 Nxe4 5. d4 d5 6. Bd3 Bd6 7. O-O O-O 8. c4
c6 9. Qc2 h6 10. Bxe4 dxe4 11. Qxe4 Re8 12. Qh4 Qxh4 13. Nxh4 Na6 14. a3 Be6
15. b3 Rad8 16. Nc3 Bf8 17. Be3 g5 18. Nf3 Bg7 19. Rac1 Nc7 20. a4 b6 21. Rfe1
f5 22. h4 f4 23. Bd2 Bg4 24. hxg5 Bxf3 25. gxh6 Bxd4 26. Rxe8+ Nxe8 27. gxf3
Bxf2+ 28. Kxf2 Rxd2+ 29. Ne2 Kh7 30. Rc3 Kxh6 31. Ke1 Rb2 32. Nxf4 Nd6 33. c5
bxc5 34. Rxc5 Nf7 35. Rxc6+ Kg5 36. Ne6+ Kh4 37. Nd4 Ne5 38. Rc3 Kg3 39. Re3
Ng6 40. Re2 Rb1+ 41. Kd2 Rh1 42. Re4 Nf4 43. Ne2+ Nxe2 44. Kxe2 Rb1 45. Rg4+
Kh3 46. Rb4 Kg3 47. Rb7 Kf4 48. Kd3 a5 49. Rb5 Kxf3 50. Kc2 Rh1 51. Rxa5 Ke4
52. Kc3 1-0

[Event "2BLN 2122 FC St. Pauli - SC Rotation Pa"]
[Site "?"]
[Date "2022.06.19"]
[Round "8.2"]
[White "Socko, Bartosz"]
[Black "Tomczak, Rafal"]
[Result "1-0"]
[WhiteElo "2637"]
[BlackElo "2302"]
[PlyCount "71"]
[EventDate "2022.??.??"]

1. d4 d5 2. c4 c6 3. Nf3 Bg4 4. Ne5 Bf5 5. cxd5 cxd5 6. e4 Bd7 7. Nc3 Nf6 8.
exd5 Qb6 9. Nc4 Qc7 10. Qb3 g6 11. Bg5 Bg7 12. d6 exd6 13. Bxf6 Bxf6 14. Nd5
Qd8 15. Nxd6+ Kf8 16. Nxb7 Qe8+ 17. Be2 Bd8 18. Nxd8 Qxd8 19. O-O Nc6 20. Ne3
Qf6 21. Bf3 Rb8 22. Qa3+ Kg7 23. Bxc6 Bxc6 24. d5 Bb5 25. Rfd1 Rhc8 26. b3 Rb7
27. Rac1 Rbc7 28. Rxc7 Rxc7 29. d6 Rd7 30. Nc4 Qg5 31. Qa5 Qh5 32. Ne3 Be2 33.
Rd5 Qh4 34. Rd2 Bh5 35. Qe5+ f6 36. Qe6 1-0

[Event "2BLN 2122 FC St. Pauli - SC Rotation Pa"]
[Site "?"]
[Date "2022.06.19"]
[Round "8.3"]
[White "Dauth, Benjamin"]
[Black "Krause, Benedict"]
[Result "1/2-1/2"]
[WhiteElo "2234"]
[BlackElo "2420"]
[PlyCount "104"]
[EventDate "2022.??.??"]

1. e4 c6 2. d4 d5 3. exd5 cxd5 4. Bd3 Nf6 5. Ne2 Bg4 6. O-O Nc6 7. c3 e6 8. Qb3
Bxe2 9. Bxe2 Qd7 10. Bf4 Ne4 11. Nd2 Nxd2 12. Bxd2 Bd6 13. f4 g6 14. Qa4 a6 15.
Bb5 Rc8 16. Bxc6 Qxc6 17. Qxc6+ Rxc6 18. a4 b6 19. Kf2 h5 20. Ke2 Kd7 21. Kd3
Rb8 22. h3 Rcc8 23. b3 b5 24. axb5 axb5 25. Ra7+ Rc7 26. Rfa1 Rxa7 27. Rxa7+
Bc7 28. Bc1 Kc6 29. Be3 Kb6 30. Ra2 Bd6 31. Bc1 h4 32. b4 Rh8 33. Ke3 Be7 34.
Kf3 Rg8 35. Bd2 Kb7 36. Ra5 Bd8 37. Ra2 Rh8 38. Kg4 Rh5 39. Be1 Bc7 40. Re2 Bb8
41. Ra2 Bd6 42. Ra5 Bc7 43. Ra2 Rf5 44. Rf2 Kc6 45. Rf3 Rh5 46. Re3 Kd7 47. Re2
Rf5 48. Bd2 Rh5 49. Be1 Kc6 50. Re3 Bd8 51. Re5 Rh8 52. Re2 Kb7 1/2-1/2

[Event "2BLN 2122 FC St. Pauli - SC Rotation Pa"]
[Site "?"]
[Date "2022.06.19"]
[Round "8.4"]
[White "Socko, Monika"]
[Black "Neumeier, Lars"]
[Result "1-0"]
[WhiteElo "2413"]
[BlackElo "2308"]
[PlyCount "61"]
[EventDate "2022.??.??"]

1. d4 Nf6 2. c4 c5 3. d5 b5 4. cxb5 a6 5. e3 axb5 6. Bxb5 Qa5+ 7. Nc3 Bb7 8.
Bd2 Qb6 9. Nf3 e6 10. dxe6 fxe6 11. O-O Be7 12. Qe2 O-O 13. e4 Nc6 14. Bxc6
Bxc6 15. Ne5 Bb7 16. Rfe1 Ba6 17. Qd1 Qc7 18. f4 Rab8 19. b3 Bd6 20. Nf3 Bxf4
21. Bxf4 Qxf4 22. e5 Ng4 23. Qxd7 Qh6 24. Qd2 Qg6 25. Qg5 Qxg5 26. Nxg5 Rbe8
27. Nce4 c4 28. Nd6 Re7 29. bxc4 Nf2 30. Re3 Rf4 31. Ra3 1-0

[Event "2BLN 2122 FC St. Pauli - SC Rotation Pa"]
[Site "?"]
[Date "2022.06.19"]
[Round "8.5"]
[White "Seils, Joerg"]
[Black "Sawatzki, Frank"]
[Result "1-0"]
[WhiteElo "2315"]
[BlackElo "2377"]
[PlyCount "111"]
[EventDate "2022.??.??"]

1. e4 c5 2. Nf3 Nc6 3. Bb5 g6 4. O-O Bg7 5. Re1 Nf6 6. e5 Nd5 7. Nc3 Nc7 8.
Bxc6 dxc6 9. h3 O-O 10. d3 Ne6 11. Ne4 f5 12. exf6 exf6 13. Be3 b6 14. Qc1 a5
15. Bh6 Ra7 16. Bxg7 Rxg7 17. Ng3 Qc7 18. Qd2 Rgf7 19. a3 Rd8 20. Re4 Qd6 21.
h4 Ng7 22. b4 axb4 23. axb4 Nf5 24. bxc5 Qxc5 25. Ne2 Re7 26. Nc3 Rf7 27. Ra8
b5 28. Re1 Qf8 29. Ne4 Nd6 30. Qc3 Nxe4 31. Rxe4 c5 32. Qa5 c4 33. Qxb5 cxd3
34. cxd3 Bd7 35. Rxd8 Bxb5 36. Rxf8+ Kxf8 37. Rd4 Ra7 38. Kf1 Ra2 39. Ke1 Ke7
40. Nd2 Bc6 41. g3 h6 42. Ke2 g5 43. Rb4 Ra1 44. Ne4 f5 45. Nc3 g4 46. Ke3 h5
47. d4 Re1+ 48. Kf4 Rf1 49. Rb2 Rc1 50. Rb3 Rc2 51. Kxf5 Rxf2+ 52. Kg5 Rd2 53.
Kxh5 Rxd4 54. Ne2 Re4 55. Nf4 Bd7 56. Re3 1-0

[Event "2BLN 2122 FC St. Pauli - SC Rotation Pa"]
[Site "?"]
[Date "2022.06.19"]
[Round "8.6"]
[White "Ertan, Can"]
[Black "Mueller, Michael"]
[Result "1-0"]
[WhiteElo "2368"]
[BlackElo "2243"]
[PlyCount "65"]
[EventDate "2022.??.??"]

1. e4 e6 2. d4 d5 3. Nc3 Nc6 4. Nf3 Nf6 5. Bd3 Nb4 6. e5 Nxd3+ 7. Qxd3 Nd7 8.
Bg5 Be7 9. h4 O-O 10. Bxe7 Qxe7 11. Ng5 f5 12. O-O-O b5 13. Qxb5 Rb8 14. Qa5
Rb6 15. a3 c5 16. Qxa7 cxd4 17. Na4 Ra6 18. Qxd4 Bb7 19. Rd3 Bc6 20. Nc3 Rb8
21. g4 Rxb2 22. Nxd5 Bxd5 23. Kxb2 Nc5 24. Rhd1 Ra4 25. Rb3 g6 26. Rb4 Ra8 27.
gxf5 Qa7 28. Qe3 gxf5 29. Rg1 Kh8 30. c4 f4 31. Qxc5 Qxc5 32. Kc2 Be4+ 33. Nxe4
1-0